Aubrey Plaza Filmography - Statistics

General Stats
  • This quiz has been taken 152 times
    29 since last reset
  • The average score is 31 of 131
Answer Stats
Type Year Name % Correct
TV Show 2009-2015 Parks and Recreation
96%
Web Mini-Series 2024 Agatha All Along
71%
Film 2022 Emily the Criminal
71%
Film 2024 Megalopolis
68%
TV Show 2022 The White Lotus
68%
Film 2016 Dirty Grandpa
64%
Film 2025 Honey Don't!
64%
Film 2016 Mike and Dave Need Wedding Dates
64%
Film 2020 Black Bear
61%
Film 2010 Scott Pilgrim vs. the World
61%
Film 2013 The To Do List
61%
Film 2017 Ingrid Goes West
57%
Film 2024 My Old Ass
57%
Film 2017 The Little Hours
57%
Film 2019 Child's Play
54%
Film 2014 Life After Beth
54%
Film 2013 Monsters University
54%
TV Show 2023 Saturday Night Live
54%
Film 2022 Spin Me Round
54%
TV Show 2017-2019 Legion
50%
TV Show 2016, 2017, 2020 Criminal Minds
46%
Film 2009 Funny People
46%
Film 2012 Safety Not Guaranteed
46%
Film 2020 Happiest Season
43%
TV Show 2022 The Simpsons
43%
Film 2011 10 Years
39%
Film 2014 About Alex
39%
Film 2015 Addicted to Fresno
39%
Film 2026 Animal Friends
39%
Film 2021 Best Sellers
39%
TV Show 2006 30 Rock
36%
Film 2016 Joshy
36%
Film 2009 Mystery Team
36%
Film 2023 Operation Fortune: Ruse de Guerre
36%
Film 2018 An Evening with Beverly Luff Linn
32%
Film 2011 Damsels in Distress
32%
TV Show 2013, 2016, 2019 Drunk History
32%
Film 2014 Ned Rifle
32%
Film 2013 Center Jenny
29%
Theater 2023-2024 Danny and the Deep Blue Sea
29%
Web Series 2017 Easy
29%
Film 2021 King Knight
29%
TV Show 2022 Little Demon
29%
Film 2014 Playing It Cool
29%
TV Show 2011, 2012 Portlandia
29%
Web Mini-Series 2023 Scott Pilgrim Takes Off
29%
TV Show 2013-2014 The Legend of Korra
29%
Documentary 2016 The Pistol Shrimps
29%
Award Show 2019 34th Film Independent Spirit Awards
25%
Award Show 2020 35th Film Independent Spirit Awards
25%
TV Show 2015-2016 Castle
25%
TV Show 2021 Cinema Toast
25%
Film 2011 From Up on Poppy Hill
25%
Theater 2025 Let's Love!
25%
Web Series 2020 Muppets Now
25%
Web Special 2020 Sarah Cooper: Everything's Fine
25%
Short Film 2013 She Said, She Said
25%
TV Show 2016 SpongeBob SquarePants
25%
Film 2015 The Driftless Area
25%
Web Series 2021 Calls
21%
Film 2013 Charlie Countryman
21%
TV Show 2016 Comedy Bang! Bang!
21%
TV Show 2019 Crank Yankers
21%
Short Film 2013 Failure
21%
TV Film 2014 Grumpy Cat's Worst Christmas Ever
21%
TV Show 2012 NTSF:SD:SUV
21%
Film 2026 The Ark and the Aardvark
21%
TV Show 2014-2015 Welcome to Sweden
21%
Film 2012 A Glimpse Inside the Mind of Charles Swan III
18%
TV Special 2020 A Parks and Recreation Special
18%
TV Show 2021 Duncanville
18%
TV Show 2015 Golan the Insatiable
18%
TV Show 2013 Maron
18%
Web Series 2024 Monsters at Work
18%
TV Show 2016 RuPaul's Drag Race All Stars
18%
Film 2011 Someday This Pain Will Be Useful to You
18%
Film TBA The Accompanist
18%
Web Series 2011 Troopers
18%
Music Video 2014 Bona Fide
14%
Short Film 2006 In Love
14%
Short Film 2006 Killswitch
14%
Music Video 2013 Rouse Yourself
14%
Film 2012 The End of Love
14%
Commercial 2018 H&M
11%
Commercial 2024 Loewe
11%
Commercial 2024 Mountain Dew
11%
TV Short 2013 Rolling with Dad
11%
TV Short 2019 The Cold Open
11%
Film TBA The Heidi Fleiss Story
11%
Short Film 2022 Afghanistan Mon Amour
7%
Short Film 2012 All Star Bowling Trick Shots
7%
Short Film 2013 Aubrey Plaza Hates Her Aunt Debra
7%
Short Film 2008 Daddy's Little Judge
7%
Short Film 2012 It's Getting Late
7%
Commercial 2018 LG
7%
Film TBA Liarmouth: A Feel-Bad Romance
7%
TV Show 2008-2009 Mayne Street
7%
Web Series 2014 Parks and Recreation in Europe
7%
Short Film 2010 Pete Carroll's Trip to Seattle Delayed
7%
Podcast 2024 Radio Play Revival
7%
Commercial 2016 Apple iPhone
4%
Short Film 2010 Breakup in a Noisy Diner
4%
Web Series 2015 Cool Sh*t/Weird Sh*t
4%
TV Show 2011 Food Network Star
4%
Short Film 2011 Home for Actresses
4%
Documentary Series 2024 Marvel Studios: Assembled
4%
Web Series TBA Olga Dies Dreaming
4%
Short Film 2012 Parks and Recreation: Dammit Jerry!
4%
Web Series 2011 Parks and Recreation: Road Trip
4%
Film 2020 Scott Pilgrim vs. the World Water Crisis
4%
TV Special 2025 SNL50: The Anniversary Special
4%
Web Series 2009 UCB Comedy Originals
4%
Commercial 2011 World of Warcraft
4%
Web Series 2013 CollegeHumor Originals
0%
TV Special 2015 Crash Test: With Rob Huebel and Paul Scheer
0%
Film 2005 Four Eyed Monsters
0%
TV Show 2016 Great Minds with Dan Harmon
0%
TV Show 2013 Hollywood Game Night
0%
Web Series 2024 Hot Ones Versus
0%
Web Series 2008 Improv Everywhere Originals
0%
TV Special 2025 Joan Rivers: A Dead Funny All-Star Tribute
0%
Web Series 2008-2009 Keith Powell Directs a Play
0%
Theater 2024 Lobby Hero
0%
Web Series 2020 Matthew Gray Gubler: The Unauthorized Documentary
0%
Commercial 2022 MLB
0%
Short Film 2010 Scott Pilgrim vs. the World vs. Funny or Die
0%
TV Show 2018 Snoop Dogg Presents The Joker's Wild
0%
TV Special 2010 Stand Up to Cancer
0%
Web Series 2011 The Back Room
0%
TV Show 2018 The Chris Gethard Show
0%
Web Series 2007-2008 The Jeannie Tate Show
0%
No matching quizzes found
Score Distribution
Percent of People with Each Score
Percentile by Number Answered
Your Score History
You have not taken this quiz since the last reset